[Event "2. ODEM U25 2005"]
[Site "Willingen GER"]
[Date "2005.05.15"]
[Round "1"]
[White "Dorn, Matthias"]
[Black "Krensing, Jan"]
[Result "0-1"]
[Termination "normal"]
[Board "1"]
[WhiteElo "1728"]
[BlackElo "2233"]
[PlyCount "78"]
[WhiteFideId "24600695"]
[BlackFideId "4671694"]
[EventCountry "GER"]
[EventRounds "9"]
[EventType "swiss"]
[EventDate "2005.05.15"]

1. d4 d5 2. c4 Nc6 3. Nc3 dxc4 4. e3 e5 5. Nf3 exd4 6. Nxd4 Ne5 7. f4 Nd3+ 8.
Bxd3 cxd3 9. Qxd3 c5 10. Qe4+ Be7 11. Nf3 Nf6 12. Qc2 O-O 13. O-O Qc7 14. e4
Rd8 15. h3 b6 16. Be3 Bb7 17. Ng5 h6 18. e5 hxg5 19. exf6 Bxf6 20. fxg5 Bd4 21.
Nd1 Qe5 22. Qf2 Rd7 23. Bxd4 cxd4 24. Qd2 Qg3 25. Rc1 Re8 26. b3 d3 27. Qf2
Qxg5 28. Nc3 Re6 29. Rcd1 d2 30. Nb1 Ba6 31. Rxd2 Rxd2 32. Nxd2 Bxf1 33. Nxf1
Rf6 34. Qe2 Qc1 35. Qe8+ Kh7 36. Qe4+ g6 37. Qe2 Qc5+ 38. Kh1 Rf2 39. Qe1 Rxa2
0-1

[Event "2. ODEM U25 2005"]
[Site "Willingen GER"]
[Date "2005.05.15"]
[Round "1"]
[White "Braun, Vitali"]
[Black "Lüders, Morten"]
[Result "1/2-1/2"]
[Termination "normal"]
[Board "2"]
[WhiteElo "2232"]
[BlackElo "1728"]
[PlyCount "106"]
[WhiteFideId "4684915"]
[EventCountry "GER"]
[EventRounds "9"]
[EventType "swiss"]
[EventDate "2005.05.15"]

1. e4 c5 2. c3 d5 3. exd5 Qxd5 4. d4 Nc6 5. Nf3 Bg4 6. dxc5 Qxd1+ 7. Kxd1
O-O-O+ 8. Nbd2 Nf6 9. Ke1 e5 10. b4 Bxf3 11. Nxf3 e4 12. Ng5 Rd7 13. Bc4 Ne5
14. Bb5 Nc6 15. h4 h6 16. Nh3 Nd5 17. Bd2 Be7 18. Nf4 Rhd8 19. Nxd5 Rxd5 20.
Rd1 Bf6 21. Ke2 Ne5 22. f3 exf3+ 23. gxf3 Nxf3 24. Kxf3 Rxd2 25. Rxd2 Rxd2 26.
Bc4 Bxc3 27. b5 Bf6 28. Bxf7 Rc2 29. b6 axb6 30. cxb6 Rb2 31. Be6+ Kb8 32. Bb3
Bd4 33. Rd1 Bxb6 34. Rd7 Bf2 35. h5 Be1 36. Rxg7 Bd2 37. Ke4 Bc1 38. Bd5 Rb6
39. Kd3 Rb4 40. Rh7 Bg5 41. Kc3 Rb6 42. Kd4 Ka7 43. Kc5 Be3+ 44. Kc4 Bg5 45. a4
Kb8 46. Kc3 Bf6+ 47. Kc2 Bg5 48. Bc4 Rc6 49. Kb3 Rc7 50. Bf7 Ka7 51. Kb4 Be3
52. Rg7 Bd4 53. Rh7 Be3 1/2-1/2

[Event "2. ODEM U25 2005"]
[Site "Willingen GER"]
[Date "2005.05.15"]
[Round "1"]
[White "Beck, Patrick"]
[Black "Schinkowski, Christoph"]
[Result "0-1"]
[Termination "normal"]
[Board "3"]
[WhiteElo "1719"]
[BlackElo "2193"]
[PlyCount "52"]
[WhiteFideId "24660418"]
[BlackFideId "4686632"]
[EventCountry "GER"]
[EventRounds "9"]
[EventType "swiss"]
[EventDate "2005.05.15"]

1. d4 Nf6 2. c4 g6 3. Nc3 Bg7 4. e4 d6 5. Be3 Ng4 6. Nf3 Nxe3 7. fxe3 O-O 8. h3
c5 9. Qd2 Nc6 10. a3 cxd4 11. exd4 e5 12. d5 Nd4 13. Qd1 f5 14. Bd3 fxe4 15.
Bxe4 Nxf3+ 16. gxf3 Qh4+ 17. Kd2 Bd7 18. Qe2 Rac8 19. b3 Bh6+ 20. Kc2 b5 21.
Rag1 bxc4 22. bxc4 Qf4 23. Kd3 Rc7 24. Nd1 Rb8 25. Qc2 Bb5 26. Ke2 Rxc4 0-1

[Event "2. ODEM U25 2005"]
[Site "Willingen GER"]
[Date "2005.05.15"]
[Round "1"]
[White "Kühner, Christian"]
[Black "Reiske, Anne"]
[Result "1-0"]
[Termination "normal"]
[Board "4"]
[WhiteElo "2150"]
[BlackElo "1719"]
[PlyCount "61"]
[WhiteFideId "4679440"]
[BlackFideId "24635472"]
[EventCountry "GER"]
[EventRounds "9"]
[EventType "swiss"]
[EventDate "2005.05.15"]

1. c4 c5 2. Nc3 Nc6 3. g3 g6 4. Bg2 Bg7 5. Nf3 e6 6. e3 Nge7 7. O-O d6 8. d4
cxd4 9. exd4 d5 10. cxd5 Nxd5 11. Nxd5 Qxd5 12. Ne5 Qd6 13. Nxc6 bxc6 14. Bf4
Qd7 15. Qa4 Bb7 16. Rfd1 O-O 17. Rac1 Rfd8 18. Bg5 f6 19. Be3 Rac8 20. Rd2 Ba8
21. Rdc2 Bf8 22. Bxc6 Rxc6 23. Rxc6 Qd5 24. Qc4 Bxc6 25. Qxc6 Qxa2 26. Qb7 Bd6
27. Bh6 Bf8 28. Bxf8 Kxf8 29. Qxh7 Qxb2 30. Qh8+ Ke7 31. Rc7+ 1-0

[Event "2. ODEM U25 2005"]
[Site "Willingen GER"]
[Date "2005.05.15"]
[Round "1"]
[White "Schwenke, Vincent"]
[Black "Lantzsch, Christian"]
[Result "0-1"]
[Termination "normal"]
[Board "5"]
[WhiteElo "1711"]
[BlackElo "2141"]
[PlyCount "49"]
[WhiteFideId "24620467"]
[BlackFideId "4659821"]
[EventCountry "GER"]
[EventRounds "9"]
[EventType "swiss"]
[EventDate "2005.05.15"]

1. e4 c5 2. c4 Nc6 3. Nc3 e6 4. g3 Nf6 5. Bg2 Be7 6. Nge2 O-O 7. O-O d6 8. a3
Qc7 9. Rb1 b6 10. d4 cxd4 11. Nxd4 Bb7 12. f4 Nxd4 13. Qxd4 d5 14. b4 dxc4 15.
Kh1 Rfd8 16. Qf2 Rd7 17. Bb2 Bc6 18. Rbd1 Rad8 19. Qe2 b5 20. Rxd7 Nxd7 21. Rd1
a5 22. Na2 axb4 23. axb4 Ra8 24. Bc3 Nb6 25. Qe3 0-1

[Event "2. ODEM U25 2005"]
[Site "Willingen GER"]
[Date "2005.05.15"]
[Round "1"]
[White "Neidlinger, Markus"]
[Black "Vintan, Cristina-Mihaela"]
[Result "1-0"]
[Termination "normal"]
[Board "6"]
[WhiteElo "2110"]
[BlackElo "1711"]
[PlyCount "101"]
[WhiteFideId "4697839"]
[EventCountry "GER"]
[EventRounds "9"]
[EventType "swiss"]
[EventDate "2005.05.15"]

1. e4 c5 2. Nf3 e6 3. d4 cxd4 4. Nxd4 Bc5 5. Nb3 Bb6 6. Bd3 Ne7 7. Nc3 O-O 8.
Bf4 d5 9. Qh5 f5 10. exf5 Nxf5 11. Bg5 Qe8 12. Qxe8 Rxe8 13. O-O d4 14. Na4 e5
15. Nxb6 axb6 16. Rfe1 Nc6 17. Bd2 Nd6 18. f3 Bf5 19. Re2 Kf7 20. a3 e4 21.
fxe4 Bxe4 22. Rf1+ Kg8 23. Bf4 Bxd3 24. Rxe8+ Rxe8 25. cxd3 Re6 26. Bg3 g6 27.
Rf4 Nf5 28. Bf2 Rd6 29. g4 Ne3 30. Re4 Nd1 31. Bg3 Rd7 32. Re2 Ne3 33. h3 Re7
34. Bf2 Kf7 35. Nxd4 Nxd4 36. Rxe3 Rxe3 37. Bxe3 Nf3+ 38. Kf2 Ne5 39. Ke2 b5
40. Bf4 Nc6 41. Ke3 Kf6 42. Ke4 Ke6 43. Bd2 Kd6 44. Bc3 Nd8 45. Bb4+ Ke6 46.
Kd4 b6 47. Bd2 Nf7 48. Be3 Kd6 49. Ke4 Kc6 50. h4 Nd6+ 51. Ke5 1-0

[Event "2. ODEM U25 2005"]
[Site "Willingen GER"]
[Date "2005.05.15"]
[Round "1"]
[White "Frey, Nicole"]
[Black "Banik, Thorsten"]
[Result "0-1"]
[Termination "normal"]
[Board "7"]
[WhiteElo "1694"]
[BlackElo "2107"]
[PlyCount "42"]
[WhiteFideId "4690176"]
[BlackFideId "4659376"]
[EventCountry "GER"]
[EventRounds "9"]
[EventType "swiss"]
[EventDate "2005.05.15"]

1. e4 c5 2. Nc3 e6 3. g3 Nc6 4. Bg2 d6 5. d3 g6 6. Be3 Bg7 7. Qd2 Qa5 8. Nge2
Nd4 9. f4 Ne7 10. O-O Nec6 11. g4 h5 12. f5 hxg4 13. fxg6 f6 14. Ng3 Ne5 15.
Bxd4 cxd4 16. Qf4 dxc3 17. d4 cxb2 18. Rab1 Qb6 19. c3 Bd7 20. Kh1 Nc4 21. Rf2
e5 0-1

[Event "2. ODEM U25 2005"]
[Site "Willingen GER"]
[Date "2005.05.15"]
[Round "1"]
[White "Hort, Alexej"]
[Black "Hinz, Arne"]
[Result "1-0"]
[Termination "normal"]
[Board "8"]
[WhiteElo "2105"]
[BlackElo "1679"]
[PlyCount "57"]
[WhiteFideId "4678125"]
[BlackFideId "24634875"]
[EventCountry "GER"]
[EventRounds "9"]
[EventType "swiss"]
[EventDate "2005.05.15"]

1. d4 Nf6 2. c4 g6 3. Nc3 Bg7 4. e4 d6 5. Be2 Nbd7 6. Nf3 O-O 7. O-O e5 8. d5
Nc5 9. Nd2 a5 10. b3 Ne8 11. a3 f5 12. f3 f4 13. Rb1 Bd7 14. b4 axb4 15. axb4
Na4 16. Nxa4 Bxa4 17. Qe1 Bd7 18. c5 Bf6 19. Nc4 Bh4 20. g3 Bg5 21. Kg2 h5 22.
b5 Qc8 23. Kh1 Qd8 24. b6 Bh3 25. Rg1 Qe7 26. bxc7 Qxc7 27. gxf4 Bxf4 28. Bxf4
Rxf4 29. Qg3 1-0

[Event "2. ODEM U25 2005"]
[Site "Willingen GER"]
[Date "2005.05.15"]
[Round "1"]
[White "Reps, Dirk"]
[Black "Zentgraf, Robert"]
[Result "0-1"]
[Termination "normal"]
[Board "9"]
[WhiteElo "1665"]
[BlackElo "2082"]
[PlyCount "52"]
[BlackFideId "4676483"]
[EventCountry "GER"]
[EventRounds "9"]
[EventType "swiss"]
[EventDate "2005.05.15"]

1. e4 c5 2. Nf3 d6 3. d4 cxd4 4. Nxd4 Nf6 5. Nc3 g6 6. f3 Bg7 7. Be3 O-O 8. Bc4
Nc6 9. Qd2 Bd7 10. O-O-O Rc8 11. Bb3 Ne5 12. g4 b5 13. g5 Nh5 14. Ncxb5 Bxb5
15. Nxb5 Nxf3 16. Qf2 Ne5 17. Bxa7 Qa5 18. Nc3 Ng4 19. Qb6 Bxc3 20. bxc3 Qa3+
21. Kb1 Ra8 22. Qg1 Rxa7 23. Qxg4 Rb8 24. Qe2 Qxa2+ 25. Kc1 Rxb3 26. Qe3 Rb2
0-1

[Event "2. ODEM U25 2005"]
[Site "Willingen GER"]
[Date "2005.05.15"]
[Round "1"]
[White "Nuber, Korbinian"]
[Black "Szczap, Arthur"]
[Result "1-0"]
[Termination "normal"]
[Board "10"]
[WhiteElo "2073"]
[BlackElo "1660"]
[PlyCount "85"]
[WhiteFideId "24607231"]
[BlackFideId "24637394"]
[EventCountry "GER"]
[EventRounds "9"]
[EventType "swiss"]
[EventDate "2005.05.15"]

1. e4 c5 2. Nc3 e6 3. Nf3 d5 4. exd5 exd5 5. d4 cxd4 6. Qxd4 Be6 7. Bb5+ Nc6 8.
Qa4 Nge7 9. Nd4 Qc7 10. O-O a6 11. Re1 Qd6 12. b3 Ra7 13. Ba3 Qd7 14. Bxc6 Nxc6
15. Bxf8 b5 16. Nxe6 fxe6 17. Qg4 Rxf8 18. Rxe6+ Kf7 19. Rae1 Nd8 20. Qh5+ Kg8
21. Re8 d4 22. Nd5 Qf7 23. Rxf8+ Kxf8 24. Qe5 Rd7 25. Nc7 Rxc7 26. Qd6+ Re7 27.
Qxd8+ Qe8 28. Qxe8+ Kxe8 29. Rxe7+ Kxe7 30. Kf1 Kd6 31. Ke2 Ke5 32. Kd3 g5 33.
c3 dxc3 34. Kxc3 a5 35. Kd3 Kd5 36. f3 h5 37. g3 a4 38. f4 axb3 39. axb3 gxf4
40. gxf4 h4 41. h3 b4 42. Ke3 Ke6 43. Ke4 1-0

[Event "2. ODEM U25 2005"]
[Site "Willingen GER"]
[Date "2005.05.15"]
[Round "1"]
[White "Tschlatscher, Thomas"]
[Black "Stuhl, Alexander"]
[Result "1-0"]
[Termination "normal"]
[Board "11"]
[WhiteElo "1652"]
[BlackElo "2071"]
[PlyCount "77"]
[WhiteFideId "24635863"]
[BlackFideId "24601373"]
[EventCountry "GER"]
[EventRounds "9"]
[EventType "swiss"]
[EventDate "2005.05.15"]

1. c4 e5 2. Nc3 Nf6 3. g3 d5 4. cxd5 Nxd5 5. Bg2 Nb6 6. Nf3 Nc6 7. O-O Be7 8.
d3 O-O 9. a3 f5 10. e3 Bf6 11. Qb3+ Kh8 12. Qc2 Qe7 13. Re1 Be6 14. Ne2 Rad8
15. d4 exd4 16. Nexd4 Nxd4 17. Nxd4 Bc8 18. Bd2 Rfe8 19. Bb4 Qf7 20. Rad1 c6
21. Nxf5 Rxd1 22. Rxd1 Bxf5 23. Qxf5 Qb3 24. Rd2 Bxb2 25. Be4 g6 26. Qc5 Bg7
27. Bc2 Qf7 28. Rd3 Nd5 29. Bb3 Qf5 30. Rd1 Qf3 31. Qxa7 b6 32. Qd7 Nf6 33. Qd6
Ne4 34. Qf4 Qh5 35. Rd7 Nf6 36. Bc3 Rf8 37. Bxf6 Bxf6 38. Rd8 Qc5 39. Qxf6# 1-0

[Event "2. ODEM U25 2005"]
[Site "Willingen GER"]
[Date "2005.05.15"]
[Round "1"]
[White "Vandenbergen, Nicolas"]
[Black "Reh, Rebecca"]
[Result "1-0"]
[Termination "normal"]
[Board "12"]
[WhiteElo "2057"]
[BlackElo "1650"]
[PlyCount "63"]
[EventCountry "GER"]
[EventRounds "9"]
[EventType "swiss"]
[EventDate "2005.05.15"]

1. d4 Nf6 2. c4 g6 3. Nc3 Bg7 4. e4 d6 5. Nf3 O-O 6. Be2 Nbd7 7. O-O e5 8. d5
Nc5 9. Qc2 a5 10. b3 Nh5 11. Re1 Bd7 12. Nd2 Nf4 13. Bf1 f5 14. Bb2 Rf7 15. a3
Qf8 16. b4 axb4 17. axb4 Rxa1 18. Rxa1 Na6 19. Ba3 Nh5 20. Ra2 Bh6 21. Nb3 fxe4
22. Nxe4 Bf5 23. c5 Bxe4 24. Qxe4 Rf4 25. Qe1 Nf6 26. b5 Re4 27. Qa5 Nxc5 28.
Bxc5 dxc5 29. Qxc7 Nxd5 30. Qxb7 Qf7 31. Qa8+ Bf8 32. Ra7 1-0

[Event "2. ODEM U25 2005"]
[Site "Willingen GER"]
[Date "2005.05.15"]
[Round "1"]
[White "Lobe, Sandra"]
[Black "Dahmen, Christoph"]
[Result "0-1"]
[Termination "normal"]
[Board "13"]
[WhiteElo "1626"]
[BlackElo "2050"]
[PlyCount "80"]
[BlackFideId "4692160"]
[EventCountry "GER"]
[EventRounds "9"]
[EventType "swiss"]
[EventDate "2005.05.15"]

1. e4 c5 2. Nf3 Nc6 3. d3 g6 4. Nbd2 Bg7 5. g3 e6 6. Bg2 Nge7 7. O-O O-O 8. Re1
d5 9. Qe2 f5 10. e5 f4 11. Nb3 fxg3 12. fxg3 b6 13. Bf4 a5 14. a4 Ba6 15. Qd2
Nf5 16. Bg5 Qc7 17. g4 Nfe7 18. Bh6 Rxf3 19. Bxg7 Kxg7 20. Bxf3 Nxe5 21. Qe3
N7c6 22. Rf1 Bb7 23. d4 Nxf3+ 24. Rxf3 e5 25. dxc5 d4 26. Qg5 Re8 27. Qf6+ Kg8
28. Raf1 Nd8 29. cxb6 Qc8 30. Rg3 Qxc2 31. Nxa5 Bd5 32. Qd6 Qe4 33. Rgf3 Nf7
34. Qf6 d3 35. Nc6 d2 36. Ne7+ Rxe7 37. Qxe7 Qd4+ 38. Kh1 Bxf3+ 39. Rxf3 d1=Q+
40. Kg2 Q1g1+ 0-1

[Event "2. ODEM U25 2005"]
[Site "Willingen GER"]
[Date "2005.05.15"]
[Round "1"]
[White "Röber, Jürgen"]
[Black "Klebanov, Andrej"]
[Result "1-0"]
[Termination "normal"]
[Board "14"]
[WhiteElo "2040"]
[BlackElo "1587"]
[PlyCount "98"]
[WhiteFideId "4697090"]
[BlackFideId "24669989"]
[EventCountry "GER"]
[EventRounds "9"]
[EventType "swiss"]
[EventDate "2005.05.15"]

1. e4 e6 2. d4 d5 3. exd5 exd5 4. Bd3 Nf6 5. Bf4 Bd6 6. Bxd6 Qxd6 7. Ne2 O-O 8.
O-O Nc6 9. c3 Bg4 10. Nd2 Rfe8 11. Re1 Re7 12. f3 Bd7 13. Nf1 Rae8 14. Nfg3 g6
15. Qd2 Kg7 16. Qg5 Na5 17. b4 h6 18. Qd2 Nc4 19. Bxc4 dxc4 20. Kf2 Nd5 21. Ne4
Qc6 22. Nf4 Bf5 23. Ng3 Nxf4 24. Nxf5+ gxf5 25. Qxf4 Rxe1 26. Rxe1 Rxe1 27.
Kxe1 Qd6 28. Qxf5 Qxh2 29. Qg4+ Kh7 30. Qe4+ Kg8 31. Qg4+ Kh7 32. Kf2 b6 33.
Qe4+ Kg7 34. Qe5+ Qxe5 35. dxe5 Kg6 36. g4 Kg5 37. Kg3 c6 38. f4+ Kg6 39. Kh4
a5 40. bxa5 bxa5 41. f5+ Kg7 42. a4 Kg8 43. Kh5 Kg7 44. f6+ Kh7 45. g5 hxg5 46.
Kxg5 Kg8 47. Kh6 c5 48. Kg5 Kh7 49. Kf5 Kg8 1-0

[Event "2. ODEM U25 2005"]
[Site "Willingen GER"]
[Date "2005.05.15"]
[Round "1"]
[White "Bietz, Fabian"]
[Black "Hoffmann, Lena"]
[Result "1-0"]
[Termination "normal"]
[Board "16"]
[WhiteElo "2028"]
[BlackElo "1558"]
[PlyCount "55"]
[WhiteFideId "24625930"]
[BlackFideId "24626597"]
[EventCountry "GER"]
[EventRounds "9"]
[EventType "swiss"]
[EventDate "2005.05.15"]

1. f4 Nc6 2. Nf3 d5 3. e3 g6 4. Bb5 Bd7 5. O-O Bg7 6. Nc3 e6 7. b3 Nce7 8.
Bxd7+ Qxd7 9. d4 f6 10. Na4 b6 11. c4 Nh6 12. c5 Nf7 13. Ba3 Rb8 14. cxb6 cxb6
15. Rc1 Nd6 16. Rf2 O-O 17. Rfc2 Rfc8 18. Nc3 a6 19. Qe2 b5 20. Bc5 Bf8 21.
Bxd6 Qxd6 22. e4 dxe4 23. Nxe4 Rxc2 24. Rxc2 Qxf4 25. g3 Qh6 26. Nxf6+ Kf7 27.
Ne5+ Kxf6 28. Ng4+ 1-0

[Event "2. ODEM U25 2005"]
[Site "Willingen GER"]
[Date "2005.05.15"]
[Round "1"]
[White "Winter, Christopher"]
[Black "Leisner, Hannes"]
[Result "1/2-1/2"]
[Termination "normal"]
[Board "17"]
[WhiteElo "1553"]
[BlackElo "2022"]
[PlyCount "49"]
[BlackFideId "4692705"]
[EventCountry "GER"]
[EventRounds "9"]
[EventType "swiss"]
[EventDate "2005.05.15"]

1. d4 Nf6 2. Nf3 e6 3. c4 c5 4. Nc3 cxd4 5. Nxd4 b6 6. Bg5 Bb7 7. e3 a6 8. Be2
Bxg2 9. Rg1 Bb7 10. Bf3 Qc7 11. Bxb7 Qxb7 12. Bxf6 gxf6 13. Qg4 d6 14. Ne4 Nd7
15. Qg7 Bxg7 16. Nxd6+ Kf8 17. Nxb7 f5 18. O-O-O Ne5 19. b3 Ng4 20. Rg2 Bh6 21.
Rd3 Ne5 22. Rd1 Rb8 23. Nd8 Rc8 24. N8c6 Ng4 25. Rd3 1/2-1/2

[Event "2. ODEM U25 2005"]
[Site "Willingen GER"]
[Date "2005.05.15"]
[Round "1"]
[White "Sonntag, Hermann"]
[Black "Kyas, Marcel"]
[Result "1-0"]
[Termination "normal"]
[Board "18"]
[WhiteElo "2016"]
[BlackElo "1518"]
[PlyCount "37"]
[WhiteFideId "4695925"]
[BlackFideId "24642037"]
[EventCountry "GER"]
[EventRounds "9"]
[EventType "swiss"]
[EventDate "2005.05.15"]

1. e4 c5 2. Nc3 Nc6 3. f4 d6 4. Bb5 Bd7 5. Nf3 g6 6. O-O Bg7 7. d3 Nf6 8. Bxc6
Bxc6 9. Qe1 Qc7 10. Qh4 O-O 11. f5 b5 12. Bh6 b4 13. Ne2 a5 14. Ng5 Bd7 15. Nf4
Qd8 16. g4 Bxh6 17. Qxh6 Bc6 18. fxg6 hxg6 19. Nge6 1-0

[Event "2. ODEM U25 2005"]
[Site "Willingen GER"]
[Date "2005.05.15"]
[Round "1"]
[White "Kling, Felix"]
[Black "Siebarth, Marco"]
[Result "1/2-1/2"]
[Termination "normal"]
[Board "19"]
[WhiteElo "1513"]
[BlackElo "2011"]
[PlyCount "109"]
[BlackFideId "24604330"]
[EventCountry "GER"]
[EventRounds "9"]
[EventType "swiss"]
[EventDate "2005.05.15"]

1. d4 Nf6 2. Bg5 c6 3. Bxf6 exf6 4. e3 d5 5. g3 Bd6 6. Nd2 O-O 7. Bg2 Bf5 8.
Ne2 Na6 9. a3 Re8 10. O-O Qd7 11. c4 Nc7 12. b4 Rac8 13. Re1 Be4 14. Nc3 Bxg2
15. Kxg2 dxc4 16. Nxc4 f5 17. Qf3 g6 18. Nxd6 Qxd6 19. Rec1 b6 20. Ne2 Ne6 21.
h4 Rc7 22. Rc3 Rec8 23. Rac1 Kg7 24. Nf4 c5 25. Nxe6+ fxe6 26. dxc5 bxc5 27.
Rxc5 Rxc5 28. Rxc5 Rxc5 29. bxc5 Qxc5 30. Qb7+ Kg8 31. a4 Qd5+ 32. Qxd5 exd5
33. Kf3 Kf7 34. Kf4 Kf6 35. g4 h6 36. gxf5 gxf5 37. a5 a6 38. f3 Ke6 39. e4
fxe4 40. fxe4 d4 41. e5 d3 42. Ke3 Kxe5 43. Kxd3 Kd5 44. Ke3 Kc4 45. Kf4 Kb4
46. Kf5 Kxa5 47. Kg6 Kb4 48. Kxh6 a5 49. Kg7 a4 50. h5 a3 51. h6 a2 52. h7
a1=Q+ 53. Kg8 Qg1+ 54. Kh8 Qd4+ 55. Kg8 1/2-1/2

[Event "2. ODEM U25 2005"]
[Site "Willingen GER"]
[Date "2005.05.15"]
[Round "1"]
[White "Bigalke, Tobias"]
[Black "Hirning, Oliver"]
[Result "1-0"]
[Termination "normal"]
[Board "20"]
[WhiteElo "2009"]
[BlackElo "1511"]
[PlyCount "105"]
[WhiteFideId "4698282"]
[EventCountry "GER"]
[EventRounds "9"]
[EventType "swiss"]
[EventDate "2005.05.15"]

1. e4 e5 2. Nc3 Nf6 3. d3 Nc6 4. g3 h6 5. Bg2 Bb4 6. Nge2 d6 7. O-O Bg4 8. f3
Be6 9. f4 Bg4 10. h3 Bc5+ 11. Kh2 h5 12. fxe5 dxe5 13. Bg5 Bxe2 14. Qxe2 Ng4+
15. Qxg4 hxg4 16. Bxd8 Rxd8 17. Nd5 Bb6 18. a4 a5 19. Ra3 Ne7 20. Nxb6 cxb6 21.
Rb3 Rd6 22. Rb5 f6 23. Rh1 Kd7 24. Bf1 Kc7 25. Kg2 gxh3+ 26. Rxh3 Rxh3 27. Kxh3
Nc6 28. c3 Rd8 29. Be2 Nb8 30. Kg4 g6 31. Kf3 Na6 32. Ke3 Nc5 33. b3 Ne6 34.
Bg4 Rd6 35. Bxe6 Rxe6 36. d4 exd4+ 37. cxd4 Rc6 38. Kf4 Kd7 39. d5 Rd6 40. g4
Ke7 41. g5 fxg5+ 42. Kxg5 Rf6 43. b4 axb4 44. Rxb4 Kf7 45. a5 Rf1 46. Rxb6 Ke7
47. Rxb7+ Kd6 48. Rb6+ Ke5 49. Re6+ Kd4 50. d6 Rf8 51. d7 Rd8 52. Re7 Kc5 53.
e5 1-0

[Event "2. ODEM U25 2005"]
[Site "Willingen GER"]
[Date "2005.05.15"]
[Round "1"]
[White "Kamrla, Robin"]
[Black "Blaschke, Tobias"]
[Result "1-0"]
[Termination "normal"]
[Board "21"]
[WhiteElo "1465"]
[BlackElo "2000"]
[PlyCount "67"]
[BlackFideId "24614297"]
[EventCountry "GER"]
[EventRounds "9"]
[EventType "swiss"]
[EventDate "2005.05.15"]

1. e4 d5 2. exd5 Qxd5 3. Nc3 Qd6 4. d4 Nf6 5. Nf3 a6 6. Be3 Nc6 7. Qd2 Bg4 8.
Be2 e6 9. O-O O-O-O 10. Rfd1 h6 11. a3 g5 12. b4 Bg7 13. b5 axb5 14. Nxb5 Qd7
15. c3 Nd5 16. a4 f5 17. Qb2 f4 18. Rdb1 b6 19. c4 fxe3 20. cxd5 exf2+ 21. Kxf2
Qxd5 22. Rc1 Rhf8 23. Rxc6 Qxc6 24. Na7+ Kb7 25. Nxc6 Kxc6 26. Rc1+ Kb7 27. Qc2
Bxd4+ 28. Kg3 Bc5 29. Qe4+ Rd5 30. Bc4 Rf4 31. Bxd5+ exd5 32. Qxd5+ c6 33. Qb3
Bf5 34. Rxc5 1-0

[Event "2. ODEM U25 2005"]
[Site "Willingen GER"]
[Date "2005.05.15"]
[Round "1"]
[White "Albers, Damian"]
[Black "Völz, Michael"]
[Result "1/2-1/2"]
[Termination "normal"]
[Board "22"]
[WhiteElo "1997"]
[BlackElo "1460"]
[PlyCount "64"]
[WhiteFideId "4695186"]
[BlackFideId "24640107"]
[EventCountry "GER"]
[EventRounds "9"]
[EventType "swiss"]
[EventDate "2005.05.15"]

1. e4 e5 2. Nf3 Nc6 3. Nc3 Nf6 4. d4 exd4 5. Nd5 Nxd5 6. exd5 Bb4+ 7. Bd2 Bxd2+
8. Qxd2 Ne7 9. Nxd4 d6 10. Bb5+ Bd7 11. O-O-O Bxb5 12. Nxb5 O-O 13. Rhe1 a6 14.
Nc3 Re8 15. Re4 Ng6 16. Rde1 Qd7 17. Qe2 Kf8 18. Qh5 Kg8 19. Qe2 Kf8 20. Qh5
Kg8 21. Kd1 Re7 22. f4 Rxe4 23. Rxe4 Re8 24. f5 Rxe4 25. Nxe4 Nf4 26. Qg5 Nxd5
27. f6 Qg4+ 28. Qxg4 Ne3+ 29. Ke2 Nxg4 30. fxg7 Kxg7 31. h3 Nf6 32. Nc3 c6
1/2-1/2

[Event "2. ODEM U25 2005"]
[Site "Willingen GER"]
[Date "2005.05.15"]
[Round "1"]
[White "Schäfer, Simon"]
[Black "Patzer, Stefan"]
[Result "0-1"]
[Termination "normal"]
[Board "23"]
[WhiteElo "1395"]
[BlackElo "1997"]
[PlyCount "96"]
[BlackFideId "24601209"]
[EventCountry "GER"]
[EventRounds "9"]
[EventType "swiss"]
[EventDate "2005.05.15"]

1. d4 f5 2. c4 Nf6 3. Nc3 e6 4. Nf3 d5 5. Bf4 c6 6. c5 Be7 7. e3 O-O 8. b4 Ne4
9. Qc2 Nd7 10. Nxe4 fxe4 11. Ne5 Bg5 12. Bg3 h5 13. Nxd7 Bxd7 14. h4 Bf6 15.
Bd6 Re8 16. Be2 g6 17. f4 a5 18. bxa5 Bxh4+ 19. Kd2 Qxa5+ 20. Qc3 Qxc3+ 21.
Kxc3 Bf2 22. a4 Ra7 23. Raf1 Bxe3 24. Rh3 Bxd4+ 25. Kxd4 e5+ 26. fxe5 Rxa4+ 27.
Kc3 Bxh3 28. gxh3 Ra3+ 29. Kb4 Rxh3 30. Rf4 Re3 31. Bd1 Rd3 32. Bc2 Rd2 33. Bb3
Rd4+ 34. Kc3 Rd3+ 35. Kc2 Rf3 36. Rh4 Kg7 37. Rh2 Ra8 38. Rh1 Ra3 39. Rb1 h4
40. e6 Rf2+ 41. Kc3 h3 42. e7 Kf7 43. Rg1 h2 44. Rxg6 h1=Q 45. Rg7+ Kxg7 46.
e8=Q Qf3+ 47. Kd4 Rd2+ 48. Ke5 Qf6# 0-1

[Event "2. ODEM U25 2005"]
[Site "Willingen GER"]
[Date "2005.05.15"]
[Round "1"]
[White "Rafiee, Makan"]
[Black "Volz, Daniel"]
[Result "1-0"]
[Termination "normal"]
[Board "24"]
[WhiteElo "1992"]
[BlackElo "1391"]
[PlyCount "75"]
[WhiteFideId "24609340"]
[BlackFideId "4661125"]
[EventCountry "GER"]
[EventRounds "9"]
[EventType "swiss"]
[EventDate "2005.05.15"]

1. e4 e5 2. f4 Bc5 3. Nf3 d6 4. Nc3 Nf6 5. Bc4 Nc6 6. d3 Be6 7. Bxe6 fxe6 8.
Na4 Bb6 9. Nxb6 axb6 10. O-O exf4 11. Bxf4 O-O 12. Bg5 Qd7 13. Qe1 h6 14. Bh4
Ng4 15. d4 e5 16. d5 Ne7 17. Bxe7 Qxe7 18. h3 Nf6 19. Nh4 Qe8 20. b3 Nh5 21.
Qc3 c5 22. Nf5 Nf4 23. Rxf4 Qd7 24. Rg4 Rxf5 25. exf5 Qxf5 26. Rf1 Qd7 27. a4
b5 28. axb5 Qxb5 29. Ra1 Rf8 30. Qc4 Qd7 31. Rf1 Ra8 32. Qe4 Qc7 33. Qg6 b5 34.
Qe6+ Kh8 35. Rf7 Qb6 36. Rgxg7 c4+ 37. Kh2 Rb8 38. Qxh6# 1-0

[Event "2. ODEM U25 2005"]
[Site "Willingen GER"]
[Date "2005.05.15"]
[Round "1"]
[White "Durmisi, Valon"]
[Black "Schneider, Christian"]
[Result "0-1"]
[Termination "normal"]
[Board "25"]
[WhiteElo "1373"]
[BlackElo "1992"]
[PlyCount "148"]
[BlackFideId "24613886"]
[EventCountry "GER"]
[EventRounds "9"]
[EventType "swiss"]
[EventDate "2005.05.15"]

1. e4 c6 2. d4 d5 3. Nc3 dxe4 4. Nxe4 Nd7 5. Nf3 Ngf6 6. Ng3 e6 7. c3 Be7 8.
Bd3 O-O 9. Qc2 c5 10. Be3 Qc7 11. Ng5 h6 12. N3e4 Nxe4 13. Nxe4 cxd4 14. cxd4
Qxc2 15. Bxc2 b6 16. O-O Bb7 17. f3 Rac8 18. Bb3 Nf6 19. Nc3 Rfd8 20. Rac1 Ba6
21. Rfd1 Bb4 22. Ne4 Nd5 23. Bxd5 exd5 24. Nc3 Bxc3 25. Rxc3 Rxc3 26. bxc3 Rc8
27. Rc1 Rc4 28. Bf4 Ra4 29. Bb8 Bc4 30. a3 Rxa3 31. Kf2 f6 32. Ke3 Ra2 33. g4
a6 34. h4 b5 35. Bd6 a5 36. h5 Kf7 37. Bc5 g6 38. hxg6+ Kxg6 39. Kf4 Rb2 40.
Ra1 b4 41. cxb4 axb4 42. Ra8 b3 43. Rb8 Rd2 44. Bb4 Rf2 45. Kg3 Rf1 46. Ba3 Rd1
47. Bb2 Rd2 48. Bc3 Rc2 49. Ba1 h5 50. gxh5+ Kxh5 51. Kf4 Re2 52. Kf5 Kh4 53.
Kf4 Kh3 54. Kf5 Kg3 55. Kxf6 Kxf3 56. Kf5 Ke3 57. Re8+ Kd2 58. Rb8 Kc2 59. Kf4
Re1 60. Bb2 Kxb2 61. Kg5 Kc2 62. Kf6 b2 63. Rxb2+ Kxb2 64. Kf5 Kc3 65. Kg4 Rf1
66. Kg3 Kxd4 67. Kg4 Ke4 68. Kg5 d4 69. Kg6 Ke5 70. Kg7 Ke6 71. Kg8 Ke7+ 72.
Kg7 Rg1+ 73. Kh6 Be2 74. Kh7 Kf7 0-1